000 05176nkm0a2200529 4500
001 RU\NLR\BIBL_A\010706464
005 20250806205218.0
020 _aRU
_b44-1562 (вып. 1944, № 1/2)
_9Летопись изоизданий / ВКП. - Москва, 1944. - Вып. 1944, № 1/2
035 _a(NLR Aleph) 010706464
090 _a74700
_c74700
100 _a20150325d1943 u y0rusy50 ca
101 0 _aeng
102 _aRU
116 _adiybxx zz ae
135 _acrcn 024anaba
200 1 _aMajor general L.M. Dovator. Hero of the Soviet Union
_bИзоматериал
_epost card
210 _aMoscow
_cForeign languages publishing house
_d[1943]
215 _a1 л.
_cракел. глуб. печ.
_d13,9х8,9
300 _aВ "Летописи изобразительного искусства Великой Отечественной войны" (Вып. 1944, № 1/2. С. 58. № 1562) опис. под загл.: Доватор, Л.М. Генерал-майор, Герой Советского Союза. Там же указана дата изд.: 1943
300 _aНа адрес. стороне текст на англ. яз.: Major general Leo Dovator is the daring commander of a Special Cossack Corps which has carried out numerous raids deep into the enemy rear and annihilated dozens of fascist headquarters, garrisons, baggage trains and military units. For his valour and heroism Major general L.M. Dovator has been granted the title of Hero of the Soviet Union (перевод: Генерал-майор Лев Доватор - смелый командир специального кавалерийского корпуса, который провел множество рейдов в глубокий тыл врага и уничтожил десятки фашистских штабов, гарнизонов, обозов и воинских частей. За мужество и героизм генерал-майор Л.М. Доватор был удостоен звания Героя Советского Союза)
300 _aНа адрес. стороне изд. марка
325 1 _aКопия доступна в электронной библиотеке РНБ
327 1 _aПортрет, погрудный, 3/4 вправо
517 1 _aДоватор, Л.М. Генерал-майор, Герой Советского Союза
517 1 _aMajor general Leo Dovator is the daring commander of a Special Cossack Corps which has carried out numerous raids deep into the enemy rear and annihilated dozens of fascist headquarters, garrisons, baggage trains and military units. For his valour and heroism Major general L.M. Dovator has been granted the title of Hero of the Soviet Union
540 1 _aГерой Советского Союза Лев Михайлович Доватор
540 1 _aДоватор Л.М., портрет, погрудный, 3/4 вправо
540 1 _aГенерал-майор Лев Доватор - смелый командир специального кавалерийского корпуса, который провел множество рейдов в глубокий тыл врага и уничтожил десятки фашистских штабов, гарнизонов, обозов и воинских частей. За мужество и героизм генерал-майор Л.М. Доватор был удостоен звания Героя Советского Союза
541 1 _aГенерал-майор Л.М. Доватор. Герой Советского Союза
_eпочтовая карточка
600 1 _aДоватор
_bЛ.М.
_gЛев Михайлович
_f1903 - 1941
_jОткрытки
_2nlr_sh1
_2nlr_sh2
_3RU\NLR\AUTH\66183861
606 1 _aПочтовые открытки маркированные художественные
_yСССР
_z1941 - 1945
_2nlr_sh2
_3RU\NLR\AUTH\661531868
606 1 _aФотографические открытки
_2nlr_sh2
_3RU\NLR\AUTH\661600135
606 1 _aВеликая Отечественная война
_z1941 - 1945
_xГерои Советского Союза
_jОткрытки
_2nlr_sh1
_2nlr_sh2
_3RU\NLR\AUTH\6630666
610 1 _aПортретные открытки
686 1 _aЩ153(2)7-489
702 1 _aDovator
_bL. M.
_f1903-1941
_gLev Michajlovič
_3RU\NLR\AUTH\770143243
_4570
712 0 2 _aForeign languages publishing house
_cMoscow
_3RU\NLR\AUTH\880396839
_4650
856 0 _uhttp://vivaldi.nlr.ru/lo000070827/view
856 1 _uhttp://vivaldi.nlr.ru/lo000070827/cover
856 2 _uhttp://vivaldi.nlr.ru/lo000070827/text
901 _eИзографические материалы
942 _cVISUAL
945 _aРоссийская национальная библиотека
980 _aBV
981 1 7 _a(17) Изографические материалы
_b(17) Открытки
_bПортреты